| 000 | 00813nam a2200241 4500 | ||
|---|---|---|---|
| 005 | 20250212081701.0 | ||
| 008 | 180417b ||||| |||| 00| 0 eng d | ||
| 020 | _a978-1-337-28510-0 | ||
| 082 | _aDC 004 V59 2018 | ||
| 100 |
_927440 _aVermaat, Misty E. |
||
| 245 |
_aDiscovering computers 2018: _bdigital technology, data, and devices/ _cMisty E. Vermaat [and 4 others]. |
||
| 260 |
_aAustria: _bCengage Learning, _c©2018. |
||
| 300 |
_aix, 1v (various paging): _bcolor illustrations; _c27 cm. |
||
| 365 |
_b9,995.00 _cPhp |
||
| 440 |
_927443 _aShelly Cashman Series |
||
| 500 | _aIncludes index. | ||
| 650 | 0 |
_927444 _aComputers |
|
| 700 |
_927445 _aSebok, Susan L. |
||
| 700 |
_927447 _aFreund, Steven M. |
||
| 700 |
_927448 _aCampbell, Jennifer T. |
||
| 700 |
_927449 _aFrydenberg, Mark |
||
| 942 |
_2ddc _cDC |
||
| 999 |
_c9198 _d9198 |
||